A golpes voy llegando del futuro (Record no. 183895)

MARC details
000 -LEADER
campo de control de longitud fija 00988nam a2200217 i 4500
001 - NÚMERO DE CONTROL
campo de control 183895
003 - IDENTIFICADOR DE NÚMERO DE CONTROL
campo de control ES-MaACL
005 - FECHA Y HORA DE LA ÚLTIMA TRANSACCIÓN
campo de control 20240120062957.0
008 - DATOS DE LONGITUD FIJA--INFORMACIÓN GENERAL
campo de control de longitud fija 141111s2014 sp acp |||| |dspa d
020 ## - NÚMERO INTERNACIONAL ESTÁNDAR DEL LIBRO
Número Internacional Estándar del Libro 978-84-938559-2-5
100 1# - ENTRADA PRINCIPAL--NOMBRE DE PERSONA
Nombre de persona Ruiz de Torres, Juan,
Fechas asociadas al nombre 1931-2014
9 (RLIN) 155342
245 10 - MENCIÓN DEL TÍTULO
Título A golpes voy llegando del futuro
Resto del título : Poesía completa (1950-2014) /
Mención de responsabilidad, etc. Juan Ruiz de Torres.
246 3# - FORMA VARIANTE DEL TITULO
Título propio/Titulo breve Poesía completa (1950-2014)
260 ## - PUBLICACIÓN, DISTRIBUCIÓN, ETC.
Lugar de publicación, distribución, etc. Cuenca :
Nombre del editor, distribuidor, etc. Dulcinea,
Fecha de publicación, distribución, etc. 2014 (
Lugar de fabricación/manufactura Madrid :
Fabricante Campillo Nevado)
300 ## - DESCRIPCIÓN FÍSICA
Extensión 1086 p. :
Otras características físicas il. col. y n. ;
Dimensiones 24 cm.
505 8# - NOTA DE CONTENIDO CON FORMATO
Nota de contenido con formato Contiene: ;
Título Publicaciones de poesía ;
-- Índices de poemas y publicaciones ;
-- Poemas (registro alfabético), A a Z ;
-- Algunas críticas, reseñas y comentarios ;
-- Resumen biográfico
600 17 - PUNTO DE ACCESO ADICIONAL DE MATERIA--NOMBRE DE PERSONA
Nombre de persona Ruiz de Torres, Juan,
Fechas asociadas al nombre 1931-2014-
Subdivisión general Crítica e interpretación
Fuente del encabezamiento o término
9 (RLIN) 145528
852 ## - LOCALIZACIÓN
Ubicación ES-MaACL
Número de control de estantería A-13300
itemnumber 190856
Sublocalización o colección R.150180
Ubicación en estantería Depósito 1
Signatura antigua Olim: N-6300
942 ## - ELEMENTOS DE ENTRADA SECUNDARIOS (KOHA)
Fuente del sistema de clasificación o colocación Clasificación decimal universal
Tipo de ítem Koha Libro impreso
Holdings
Estatus retirado Estado de pérdida Fuente del sistema de clasificación o colocación Estado de daño No para préstamo Biblioteca de origen Biblioteca actual Ubicación en estantería Fecha de adquisición Fuente de adquisición Total de préstamos Signatura topográfica completa Código de barras Visto por última vez Precio de reemplazo Tipo de ítem Koha
    Clasificación decimal universal     Biblioteca del Ateneo de Madrid Biblioteca del Ateneo de Madrid Depósito 1 11/11/2014 Donación   A-13300 1193368 23/02/2023 23/02/2023 Libro impreso